000 00514nam a2200193Ia 4500
003 OSt
005 20221007082814.0
006 a|||||r|||| 00| 0
007 ta
008 221006b |||||||| |||| 00| 0 eng d
024 _a23,411
037 _cDissertations
040 _aFLL
_cFLL
_beng
041 _2eng
_aeng
100 _aShokrani M.
_9699508
245 0 _aNuclear non-proliferation under international law
_b a critical study.
942 _cDIS
_2CC
999 _c1167782
_d1167782